Delinquency in society
In this conversational, jargon-free text with its clear and thorough presentation of theories of delinquency, Regoli and Hewitt make delinquency interesting to read about. It is no encyclopedic compendium, but a critical look at a very serious problem. .
में बचाया:
| मुख्य लेखक: | |
|---|---|
| स्वरूप: | पुस्तक |
| भाषा: | Undetermined |
| प्रकाशित: |
Boston
McGraw-Hill
2006
|
| विषय: | |
| टैग : |
टैग जोड़ें
कोई टैग नहीं, इस रिकॉर्ड को टैग करने वाले पहले व्यक्ति बनें!
|
| Thư viện lưu trữ: | Trung tâm Học liệu Trường Đại học Cần Thơ |
|---|
| LEADER | 00795nam a2200205Ia 4500 | ||
|---|---|---|---|
| 001 | CTU_138400 | ||
| 008 | 210402s9999 xx 000 0 und d | ||
| 020 | |c 100 | ||
| 082 | |a 364.360973 | ||
| 082 | |b R343 | ||
| 100 | |a Regoli, Robert M. | ||
| 245 | 0 | |a Delinquency in society | |
| 245 | 0 | |c Robert M. Regoli, John D. Hewitt | |
| 260 | |a Boston | ||
| 260 | |b McGraw-Hill | ||
| 260 | |c 2006 | ||
| 520 | |a In this conversational, jargon-free text with its clear and thorough presentation of theories of delinquency, Regoli and Hewitt make delinquency interesting to read about. It is no encyclopedic compendium, but a critical look at a very serious problem. . | ||
| 650 | |a Delinquency,Tội phạm | ||
| 904 | |i Chiêm Minh Lý | ||
| 980 | |a Trung tâm Học liệu Trường Đại học Cần Thơ | ||